Welcome to the Holygrace Academy Library

Please use search bar below to get started

ACTIVITY ORIENTED V. GUIDE (Record no. 4352)

MARC details
000 -LEADER
fixed length control field 00297nam a22001337a 4500
020 ## - INTERNATIONAL STANDARD BOOK NUMBER
ISBN 978-81-8295-151-8
082 ## - DEWEY DECIMAL CLASSIFICATION NUMBER
Classification number 494
Item number CBSE/H
245 ## - TITLE STATEMENT
Title ACTIVITY ORIENTED V. GUIDE
250 ## - EDITION STATEMENT
Edition statement FIRST
260 ## - PUBLICATION, DISTRIBUTION, ETC. (IMPRINT)
Place of publication KOTTAYAM
Name of publisher V.PUBLISHERS
Year of publication 2009
300 ## - PHYSICAL DESCRIPTION
Number of Pages 371
650 ## - SUBJECT ADDED ENTRY--TOPICAL TERM
Topical Term V.GUIDE
Geographic subdivision KERALA
942 ## - ADDED ENTRY ELEMENTS (KOHA)
Koha item type Books
Holdings
Withdrawn status Lost status Collection code Home library Current library Shelving location Date acquired Source of acquisition Cost, normal purchase price Full call number Accession Number Koha item type
    Reference Main Library Main Library   03/06/2011 PURCHASE 170.00 494 CBSE/H 05916 Books